UBT Library

An introduction to physical geology, (Record no. 42751)

000 -LEADER
fixed length control field 00656cam a22002291 4500
001 - CONTROL NUMBER
control field 6857933
005 - DATE AND TIME OF LATEST TRANSACTION
control field 20180216040124.0
008 - FIXED-LENGTH DATA ELEMENTS--GENERAL INFORMATION
fixed length control field 780110s1924 nyua b 000 0 eng
010 ## - LIBRARY OF CONGRESS CONTROL NUMBER
LC control number 24028604
035 ## - SYSTEM CONTROL NUMBER
System control number (OCoLC)3549357
040 ## - CATALOGING SOURCE
Original cataloging agency DLC
Transcribing agency CCC
Modifying agency OCoLC
-- DLC
041 ## - LANGUAGE CODE
Language code of text/sound track or separate title eng
042 ## - AUTHENTICATION CODE
Authentication code premarc
080 ## - UNIVERSAL DECIMAL CLASSIFICATION NUMBER
Universal Decimal Classification number 91 MIL
082 ## - DEWEY DECIMAL CLASSIFICATION NUMBER
Classification number 91 MIL
100 1# - Rafti
Rafti 42
101 ## - Shkurtesa
Shkurtesa GJEO
245 13 - TITLE STATEMENT
Title An introduction to physical geology,
Statement of responsibility, etc by William J. Miller; 351 illustrations.
504 ## - BIBLIOGRAPHY, ETC. NOTE
Bibliography, etc "Selected references": p. 10,12-13.
906 ## - LOCAL DATA ELEMENT F, LDF (RLIN)
a 7
b cbc
c oclcrpl
d u
e ncip
f 19
g y-gencatlg
942 ## - ADDED ENTRY ELEMENTS (KOHA)
Source of classification or shelving scheme
Item type Books
Holdings
Withdrawn status Lost status Source of classification or shelving scheme Damaged status Not for loan Collection code Permanent location Current location Shelving location Date acquired Total Checkouts Full call number Barcode Date last seen Price effective from Koha item type
          Koleksioni i përgjithshem UBT - Lipjan UBT - Lipjan Koleksioni i përgjithshem 02/16/2018   91 MIL 002-2998431 02/16/2018 02/16/2018 Books
UBT Library © 2015-2024. All rights reserved University Education for Business and Technology